00573nam a2200193Ia 450000500170000000800410001702000160005808200130007410000140008724500530010125000100015426000410016430000140020565000170021965000270023694200060026395200950026999900150036420240604004628.0240331s9999 xx 000 0 und d a1842776258  bMONa364 aMonzini,P 0aSex traffic :bprotitution,crime and explotation a1 st  aLondon & New York bZed Books c2005 ax,184 p., aProstitution aCrime and Exploitation cL 001040708LaWERCLbWERCLcSSCd2024-03-31l0o 364 MONp6281r2024-03-31w2024-03-31yL c4552d4552